| 000 | 00785nam a2200181 i 4500 | ||
|---|---|---|---|
| 001 | 151911 | ||
| 003 | ES-MaACL | ||
| 005 | 20250917063053.0 | ||
| 008 | 030212s1885 fr |||| | fre d | ||
| 100 | 1 |
_aBérenger, Alphonse Marie Marcellin Thomas, _d1785-1866 _9146825 |
|
| 245 | 1 | 0 |
_aDe la répression pénale, de ses formes et de ses effets _b: rapports faits a l'Académie des Sciences Morales et Politiques / _cpar Bérenger. |
| 260 |
_aParis : _bImp. et lib. générale de jurisprudence Cosse, _c1885. |
||
| 300 |
_a2 v. (447, 385 p.) ; _c20 cm. |
||
| 650 | 4 |
_aDerecho penal- _zFrancia. _9155135 |
|
| 710 | 2 |
_aAcadémie des sciences morales et politiques (Francia) _91232 |
|
| 852 |
_aES-MaACL _jD-219-20 _z- Enc. hol. _z. - Donativo Lastres |
||
| 999 |
_c151911 _d151911 |
||